[Event "106th British-ch 2019"]
[Site "Torquay"]
[Date "2019.07.28"]
[Round "2.26"]
[White "Player, Edmund C"]
[Black "Jaufarally, Nadia"]
[Result "1-0"]
[WhiteElo "2202"]
[BlackElo "1944"]
[Annotator "NA"]
[PlyCount "79"]
[EventDate "2019.07.27"]
[EventType "swiss"]
[EventCountry "GBR"]
[SourceTitle "playchess.com"]
[Source "ChessBase"]
[SourceQuality "1"]
[TimeControl "40/5400+30:1800+30"]

1. e4 {[%emt 0:00:00]} c5 {[%emt 0:00:18]} 2. Nf3 {[%emt 0:00:00]} Nc6 {[%emt 0:00:20]} 3. Bb5 {[%emt 0:00:00]} g6 {[%emt 0:00:08]} 4. Bxc6 {[%emt 0:01:58]} dxc6 {[%emt 0:00:10]} 5. d3 {[%emt 0:00:16]} Bg7 {[%emt 0:00:15]} 6. h3 {[%emt 0:00:05]} e5 {[%emt 0:00:17]} 7. Be3 {[%emt 0:02:40]} b6 {[%emt 0:00:41]} 8. a4 {[%emt 0:02:37]} a5 {[%emt 0:01:20]} 9. O-O {[%emt 0:05:45]} Ne7 {[%emt 0:01:34]} 10. Qd2 {[%emt 0:04:04]} h6 {[%emt 0:01:35]} 11. Na3 {[%emt 0:22:36]} Qc7 {[%emt 0:03:05]} 12. Nc4 {[%emt 0:02:11]} Be6 {[%emt 0:01:40]} 13. Qc1 {[%emt 0:14:21]} f5 {[%emt 0:06:15]} 14. exf5 {[%emt 0:11:41]} gxf5 {[%emt 0:00:34]} 15. Bd2 {[%emt 0:02:47]} Ng6 {[%emt 0:12:30]} 16. Bc3 {[%emt 0:01:39]} O-O {[%emt 0:04:27]} 17. Ncxe5 {[%emt 0:07:03]} Nxe5 {[%emt 0:04:06]} 18. Bxe5 {[%emt 0:00:50]} Bxe5 {[%emt 0:01:21]} 19. Qe3 {[%emt 0:01:33]} Bxb2 {[%emt 0:02:47]} 20. Qxe6+ {[%emt 0:00:07]} Kh7 {[%emt 0:04:11]} 21. Rab1 {[%emt 0:00:58]} Bg7 {[%emt 0:10:58]} 22. Rfe1 {[%emt 0:00:37]} Rae8 {[%emt 0:08:31]} 23. Qb3 {[%emt 0:01:25]} Rb8 {[%emt 0:09:50]} 24. Qc4 {[%emt 0:01:01]} Qd6 {[%emt 0:04:11]} 25. Re6 {[%emt 0:02:00]} Qd7 {[%emt 0:05:51]} 26. Ne5 {[%emt 0:02:49]} Bxe5 {[%emt 0:00:19]} 27. Rxe5 {[%emt 0:00:04]} Qg7 {[%emt 0:08:43]} 28. Rbe1 {[%emt 0:04:18]} Rf7 {[%emt 0:02:26]} 29. f3 {[%emt 0:05:13]} Rbb7 {[%emt 0:01:39]} 30. Qe6 {[%emt 0:02:08]} Qg6 {[%emt 0:01:05]} 31. Qc8 {[%emt 0:01:37]} Rbc7 {[%emt 0:01:03]} 32. Qb8 {[%emt 0:00:39]} Rg7 {[%emt 0:02:51]} 33. R1e2 {[%emt 0:00:13]} Qg5 {[%emt 0:00:55]} 34. Re8 {[%emt 0:01:05]} Qc1+ {[%emt 0:00:30]} 35. Re1 {[%emt 0:00:37]} Qxc2 {[%emt 0:00:30]} 36. Rh8+ {[%emt 0:00:05]} Kg6 {[%emt 0:00:04]} 37. Qe8+ {[%emt 0:00:34]} Kg5 {[%emt 0:00:34]} 38. h4+ {[%emt 0:00:30]} Kxh4 {[%emt 0:00:34]} 39. Rxh6+ {[%emt 0:00:24]} Kg3 {[%emt 0:00:49]} 40. Qe5+ {[%emt 0:00:30]} 1-0

[Event "106th British-ch 2019"]
[Site "Torquay"]
[Date "2019.07.28"]
[Round "2.27"]
[White "Khan, Tito"]
[Black "Stoyanov, Viktor"]
[Result "0-1"]
[WhiteElo "1921"]
[BlackElo "2198"]
[Annotator "NA"]
[PlyCount "50"]
[EventDate "2019.07.27"]
[EventType "swiss"]
[EventCountry "GBR"]
[SourceTitle "playchess.com"]
[Source "ChessBase"]
[SourceQuality "1"]
[TimeControl "40/5400+30:1800+30"]

1. d4 {[%emt 0:00:00]} Nf6 {[%emt 0:00:19]} 2. Bf4 {[%emt 0:00:00]} g6 {[%emt 0:00:35]} 3. Nc3 {[%emt 0:00:00]} d5 {[%emt 0:00:05]} 4. e3 {[%emt 0:00:24]} Bg7 {[%emt 0:00:04]} 5. h4 {[%emt 0:01:17]} O-O {[%emt 0:00:06]} 6. h5 {[%emt 0:00:11]} c5 {[%emt 0:00:13]} 7. Nb5 {[%emt 0:04:35]} Nc6 {[%emt 0:00:08]} 8. Nc7 {[%emt 0:08:01]} e5 {[%emt 0:00:06]} 9. dxe5 {[%emt 0:00:51]} Qxc7 {[%emt 0:00:14]} 10. exf6 {[%emt 0:03:23]} Qa5+ {[%emt 0:00:00]} 11. c3 {[%emt 0:18:43]} Bxf6 {[%emt 0:00:05]} 12. Bd3 {[%emt 0:09:24]} g5 {[%emt 0:05:27]} 13. Bg3 {[%emt 0:05:10]} d4 {[%emt 0:01:24]} 14. Qf3 {[%emt 0:22:10]} dxc3 {[%emt 0:02:56]} 15. Qe4 {[%emt 0:10:43]} cxb2+ {[%emt 0:00:05]} 16. Ke2 {[%emt 0:00:04]} Rd8 {[%emt 0:00:14]} 17. Bd6 {[%emt 0:01:22]} Bf5 {[%emt 0:00:08]} 18. Qxf5 {[%emt 0:00:24]} Rxd6 {[%emt 0:00:05]} 19. Qxh7+ {[%emt 0:01:26]} Kf8 {[%emt 0:00:01]} 20. Rd1 {[%emt 0:01:43]} Rad8 {[%emt 0:01:03]} 21. Nf3 {[%emt 0:01:22]} Qxa2 {[%emt 0:00:49]} 22. Bb1 {[%emt 0:03:48]} Qc4+ {[%emt 0:00:37]} 23. Bd3 {[%emt 0:01:38]} Rxd3 {[%emt 0:00:26]} 24. Rxd3 {[%emt 0:01:20]} Nb4 {[%emt 0:00:09]} 25. Ne5 {[%emt 0:01:31]} Bxe5 {[%emt 0:00:27]} 0-1

[Event "106th British-ch 2019"]
[Site "Torquay"]
[Date "2019.07.29"]
[Round "3.1"]
[White "Adams, Michael"]
[Black "Ashton, Adam G"]
[Result "1-0"]
[WhiteElo "2690"]
[BlackElo "2323"]
[Annotator "TA"]
[PlyCount "73"]
[EventDate "2019.07.27"]
[EventType "swiss"]
[EventCountry "GBR"]
[SourceTitle "playchess.com"]
[Source "ChessBase"]
[SourceQuality "1"]

{[%evp 12,73,13,16,18,12,20,23,23,22,19,2,18,16,39,31,37,30,26,41,44,47,56,17,26,19,41,28,62,42,38,0,0,0,65,64,64,61,93,103,110,54,109,107,122,66,62,49,65,47,190,33,41,23,160,68,176,179,205,212,256,246,277,250]} 1. e4 e5 2. Nf3 Nc6 3. Bb5 a6 4. Ba4 Nf6 5. d3 b5 6. Bb3 Be7 7. a4 {Black must now prevent axb5.} b4 {C77: Ruy Lopez: 3...a6 4 Ba4 Nf6, unusual lines} (7... Rb8 8. axb5 axb5 9. O-O O-O 10. Re1 d6 11. c3 Be6 12. Bxe6 fxe6 13. Bg5 Nd7 14. Be3 d5 15. Nbd2 Nc5 16. Nb3 Na4 17. Qe2 Bd6 18. d4 dxe4 19. Nxe5 Bxe5 20. dxe5 Nxe5 {1-0 (43) Adams,M (2738)-Shirov,A (2630) Douglas 2017}) 8. Nbd2 d6 9. Nc4 O-O {White has an edge.} 10. O-O Rb8 11. Re1 h6 12. Be3 $146 ({Predecessor:} 12. a5 Be6 13. Qe2 Nd7 14. Ba4 Nd4 15. Nxd4 exd4 16. b3 Ne5 17. Nb2 Bd7 18. f4 Bxa4 19. Rxa4 Nc6 20. Nc4 Rb5 21. Qf3 Re8 22. Ra1 Qd7 23. Bd2 {½-½ (23) Ulasevich,S (2265)-Susedenko,V (2276) ICCF email 2011}) 12... Re8 13. d4 exd4 14. Nxd4 Nxd4 15. Bxd4 {aiming for e5.} Bb7 16. e5 dxe5 17. Nxe5 Bd5 18. Nc4 {And now Bxf6 would win.} Ba8 19. f3 Nd5 20. Qd2 Bg5 21. Qf2 Rxe1+ 22. Rxe1 Bh4 (22... Nf4 $1 $11) 23. g3 $14 Bf6 24. Be5 Bxe5 25. Nxe5 Qd6 26. Qd4 ({White should play} 26. a5 $16) 26... Re8 (26... c5 $14 27. Qd2 Rd8) 27. Kf2 $1 $16 Rd8 28. Nd3 ({White should try} 28. a5 $16) 28... a5 $14 29. Ne5 Qf6 30. Qc5 Qf5 (30... Qb6 $14 31. Qxb6 cxb6) 31. Nc6 $2 (31. Re2 $1 $18) 31... Bxc6 $1 32. Qxc6 Rd6 {[#]} (32... Kh7 $11) 33. Qe8+ $1 $16 Kh7 {[#]} 34. Qe4 $1 {[%cal Re4f5]} ({Inferior is} 34. Re5 Qh3 $11) 34... Qxe4 35. Rxe4 Rd7 36. Rc4 Kg6 37. Rc6+ {Played: Rc4-c5} 1-0

[Event "106th British-ch 2019"]
[Site "Torquay"]
[Date "2019.07.29"]
[Round "3.2"]
[White "Rocco, Federico"]
[Black "Haria, Ravi"]
[Result "0-1"]
[WhiteElo "2157"]
[BlackElo "2430"]
[Annotator "NA"]
[PlyCount "86"]
[EventDate "2019.07.27"]
[EventType "swiss"]
[EventCountry "GBR"]
[SourceTitle "playchess.com"]
[Source "ChessBase"]
[SourceQuality "1"]
[TimeControl "40/5400+30:1800+30"]

1. e4 {[%emt 0:02:31]} d6 {[%emt 0:00:00]} 2. d4 {[%emt 0:00:14]} Nf6 {[%emt 0:00:00]} 3. Nc3 {[%emt 0:00:50]} g6 {[%emt 0:00:00]} 4. f4 {[%emt 0:01:37]} Bg7 {[%emt 0:00:41]} 5. Nf3 {[%emt 0:01:17]} O-O {[%emt 0:01:34]} 6. Bd3 {[%emt 0:00:26]} Nc6 {[%emt 0:00:25]} 7. e5 {[%emt 0:01:13]} dxe5 {[%emt 0:00:59]} 8. dxe5 {[%emt 0:03:22]} Nd5 {[%emt 0:02:53]} 9. Nxd5 {[%emt 0:02:21]} Qxd5 {[%emt 0:00:20]} 10. Qe2 {[%emt 0:00:08]} Be6 {[%emt 0:05:08]} 11. O-O {[%emt 0:16:08]} Rad8 {[%emt 0:24:35]} 12. Bd2 {[%emt 0:06:18]} f6 {[%emt 0:08:34]} 13. Bc3 {[%emt 0:10:27]} fxe5 {[%emt 0:07:05]} 14. fxe5 {[%emt 0:02:07]} Qc5+ {[%emt 0:03:16]} 15. Qf2 {[%emt 0:00:56]} Qxf2+ {[%emt 0:01:04]} 16. Rxf2 {[%emt 0:00:06]} Bd5 {[%emt 0:01:58]} 17. Re1 {[%emt 0:12:42]} Bxa2 {[%emt 0:04:51]} 18. Rfe2 {[%emt 0:00:06]} Bd5 {[%emt 0:03:25]} 19. Ng5 {[%emt 0:02:49]} h6 {[%emt 0:03:49]} 20. Nh3 {[%emt 0:01:22]} g5 {[%emt 0:00:35]} 21. Nf2 {[%emt 0:00:13]} b6 {[%emt 0:10:41]} 22. b3 {[%emt 0:02:30]} Be6 {[%emt 0:00:53]} 23. Re4 {[%emt 0:03:56]} Bd5 {[%emt 0:07:21]} 24. R4e3 {[%emt 0:01:13]} a5 {[%emt 0:02:37]} 25. Rh3 {[%emt 0:05:47]} Be6 {[%emt 0:01:34]} 26. Rg3 {[%emt 0:00:51]} Nd4 {[%emt 0:00:55]} 27. Rge3 {[%emt 0:08:30]} c5 {[%emt 0:00:49]} 28. Ne4 {[%emt 0:01:31]} Bf5 {[%emt 0:02:39]} 29. Bxd4 {[%emt 0:04:12]} Rxd4 {[%emt 0:00:30]} 30. c3 {[%emt 0:02:10]} Rdd8 {[%emt 0:00:41]} 31. Bc4+ {[%emt 0:00:07]} Kh7 {[%emt 0:01:33]} 32. Ng3 {[%emt 0:01:51]} Bg6 {[%emt 0:00:06]} 33. Be6 {[%emt 0:00:32]} Rd2 {[%emt 0:01:14]} 34. R3e2 {[%emt 0:02:24]} Rxe2 {[%emt 0:01:57]} 35. Rxe2 {[%emt 0:00:10]} Rf4 {[%emt 0:00:06]} 36. Bd5 {[%emt 0:01:25]} h5 {[%emt 0:00:42]} 37. c4 {[%emt 0:02:33]} h4 {[%emt 0:00:26]} 38. Ne4 {[%emt 0:00:35]} Rf5 {[%emt 0:01:05]} 39. e6 {[%emt 0:01:06]} Bd4+ {[%emt 0:00:04]} 40. Nf2 {[%emt 0:00:07]} Rxf2 {[%emt 0:00:29]} 41. Rxf2 {[%emt 0:30:20]} Kg7 {[%emt 0:30:13]} 42. Kf1 {[%emt 0:00:35]} Bxf2 {[%emt 0:00:04]} 43. Kxf2 {[%emt 0:00:05]} Bc2 {[%emt 0:01:18]} 0-1

[Event "106th British-ch 2019"]
[Site "Torquay"]
[Date "2019.07.29"]
[Round "3.3"]
[White "Smith, Andrew Philip"]
[Black "Eggleston, David J"]
[Result "1-0"]
[WhiteElo "2147"]
[BlackElo "2399"]
[Annotator "NA"]
[PlyCount "65"]
[EventDate "2019.07.27"]
[EventType "swiss"]
[EventCountry "GBR"]
[SourceTitle "playchess.com"]
[Source "ChessBase"]
[SourceQuality "1"]
[TimeControl "40/5400+30:1800+30"]

1. e4 {[%emt 0:00:00]} e6 {[%emt 0:03:48]} 2. b3 {[%emt 0:01:05]} d5 {[%emt 0:00:09]} 3. Bb2 {[%emt 0:00:16]} dxe4 {[%emt 0:00:12]} 4. Nc3 {[%emt 0:00:17]} Nf6 {[%emt 0:00:25]} 5. Qe2 {[%emt 0:00:19]} Be7 {[%emt 0:00:17]} 6. O-O-O {[%emt 0:02:55]} O-O {[%emt 0:00:35]} 7. g4 {[%emt 0:12:43]} Nc6 {[%emt 0:04:44]} 8. g5 {[%emt 0:04:43]} Nd5 {[%emt 0:00:15]} 9. Nxe4 {[%emt 0:04:52]} a5 {[%emt 0:00:17]} 10. a4 {[%emt 0:04:00]} b5 {[%emt 0:01:09]} 11. axb5 {[%emt 0:06:30]} Ncb4 {[%emt 0:00:35]} 12. Qc4 {[%emt 0:22:01]} Re8 {[%emt 0:36:16]} 13. Nf3 {[%emt 0:07:08]} a4 {[%emt 0:12:09]} 14. Qd4 {[%emt 0:05:36]} Bf8 {[%emt 0:10:22]} 15. Rg1 {[%emt 0:05:42]} axb3 {[%emt 0:07:37]} 16. cxb3 {[%emt 0:00:19]} e5 {[%emt 0:02:54]} 17. Nxe5 {[%emt 0:01:20]} Bf5 {[%emt 0:01:23]} 18. Bc4 {[%emt 0:06:57]} Ra2 {[%emt 0:03:24]} 19. d3 {[%emt 0:05:04]} Bg6 {[%emt 0:03:14]} 20. Ng4 {[%emt 0:01:41]} Kh8 {[%emt 0:03:07]} 21. Ne5 {[%emt 0:02:01]} Qa8 {[%emt 0:01:32]} 22. Nxg6+ {[%emt 0:00:49]} fxg6 {[%emt 0:00:48]} 23. Rge1 {[%emt 0:01:42]} c5 {[%emt 0:04:09]} 24. bxc6 {[%emt 0:00:24]} Qxc6 {[%emt 0:00:23]} 25. Nc3 {[%emt 0:00:50]} Nxc3 {[%emt 0:01:30]} 26. Qxc3 {[%emt 0:01:03]} Rxe1 {[%emt 0:01:08]} 27. Qxe1 {[%emt 0:00:42]} Qa8 {[%emt 0:00:37]} 28. Qe6 {[%emt 0:00:24]} Ra1+ {[%emt 0:00:25]} 29. Bxa1 {[%emt 0:00:50]} Qxa1+ {[%emt 0:00:26]} 30. Kd2 {[%emt 0:00:08]} Qb2+ {[%emt 0:00:37]} 31. Ke1 {[%emt 0:00:19]} Nc2+ {[%emt 0:00:29]} 32. Kf1 {[%emt 0:00:21]} Ne3+ {[%emt 0:00:27]} 33. fxe3 {[%emt 0:00:26]} 1-0

[Event "106th British-ch 2019"]
[Site "Torquay"]
[Date "2019.07.29"]
[Round "3.4"]
[White "Howell, David W L"]
[Black "D'costa, Lorin Ar"]
[Result "1-0"]
[WhiteElo "2697"]
[BlackElo "2396"]
[Annotator "TA"]
[PlyCount "81"]
[EventDate "2019.07.27"]
[EventType "swiss"]
[EventCountry "GBR"]
[SourceTitle "playchess.com"]
[Source "ChessBase"]
[SourceQuality "1"]

{[%evp 9,81,0,-3,-13,2,-18,-15,9,9,16,5,-20,23,28,25,44,47,0,14,0,0,-83,-68,-74,-75,-51,-33,-35,-21,-42,0,0,12,12,14,0,104,92,94,73,77,-41,56,12,11,0,12,0,0,-22,-33,-43,-4,0,0,0,0,0,112,100,114,106,850,850,830,808,728,562,2146,2146,2124,2146,29987,29988]} 1. Nf3 Nf6 2. c4 b6 3. Nc3 e6 4. e4 Bb7 5. Qe2 c5 6. e5 {A17: English Opening: 1...Nf6 with ...Bb4} Ng8 $1 (6... Ng4 7. d4 cxd4 8. Nxd4 Nh6 9. Bxh6 gxh6 10. h4 Nc6 11. O-O-O Qb8 12. Nf3 Bg7 13. Ne4 O-O 14. Nd6 f6 15. Rh3 f5 16. Rg3 Nd8 17. Nd4 Kh8 18. f4 Nf7 19. N4b5 {1-0 (19) Wei,Y (2728)-Abdusattorov,N (2546) Makati 2018}) 7. d4 cxd4 $1 8. Nxd4 {The position is equal.} Nc6 9. Nxc6 Bxc6 10. h4 Ne7 $146 ({Predecessor:} 10... f6 11. Rh3 fxe5 12. Qh5+ g6 13. Qxe5 {1-0 (37) Hakobyan,A (2497)-Oparin,G (2622) Batumi 2018}) 11. h5 Nf5 12. Bf4 Be7 13. Rh3 Bg5 14. Bh2 O-O 15. h6 (15. g4 $11 {remains equal.} Nh6 16. f4) 15... Nxh6 $17 ({Don't play} 15... Bxh6 $6 16. g4 $11) 16. f4 Bh4+ 17. g3 Be7 18. O-O-O f5 19. exf6 $1 Rxf6 (19... Bxf6 $15 20. g4 Qe8) 20. g4 $36 {[%mdl 2048] [#] aiming for g5. Black is under pressure.} Rf7 21. Qc2 {And now Bd3 would win.} Qf8 $1 22. Bd3 Rxf4 (22... g6 $11) 23. Bxf4 $16 Qxf4+ 24. Kb1 Qxg4 25. Re3 ({White has to play} 25. Bxh7+ $16 Kh8 26. Qd3) 25... Kh8 ({Better is} 25... g6 $15) 26. Be4 (26. Bxh7 {keeps more tension.} Bc5 27. Ree1 Nf5 28. Qh2 Qg3 29. Rh1) 26... Rf8 27. Bxc6 dxc6 28. Re4 Qg6 29. Rde1 Rf6 30. Qa4 {[%mdl 64] [#] Double Attack} Nf5 {With the idea ...Ng3.} (30... Ng4 $5 {[%cal Rg4f2]}) 31. Qxa7 h5 32. a3 Bc5 33. Ka2 $1 Bf2 (33... Kh7 $11) 34. Rd1 {[%mdl 1024] White has strong compensation.} Kh7 35. Qa8 c5 $2 {[%mdl 8192]} (35... Qf7 $16) 36. Rd8 $18 {[%csl Ga8][%cal Rd8h8]} Qf7 37. Re2 Ng3 38. Ne4 {Threatens to win with Ng5+.} Nxe4 39. Rh8+ ({Less strong is} 39. Qxe4+ Qg6 $16) 39... Kg6 40. Qxe4+ Kg5 41. Qg2+ {Accuracy: White = 63%, Black = 51%.} 1-0

[Event "106th British-ch 2019"]
[Site "Torquay"]
[Date "2019.07.29"]
[Round "3.6"]
[White "Tan, Justin Hy"]
[Black "Willow, Jonah B"]
[Result "1-0"]
[WhiteElo "2513"]
[BlackElo "2343"]
[Annotator "TA"]
[PlyCount "73"]
[EventDate "2019.07.27"]
[EventType "swiss"]
[EventCountry "GBR"]
[SourceTitle "playchess.com"]
[Source "ChessBase"]
[SourceQuality "1"]

{[%evp 11,73,29,39,28,25,21,56,46,86,85,172,170,161,154,131,133,184,184,198,187,199,127,272,283,302,283,289,297,323,322,305,310,322,317,318,303,299,303,327,326,412,401,362,289,279,287,283,282,278,250,331,275,350,231,422,345,526,499,524,523,498,514,1114,1091]} 1. e4 c5 2. Nf3 e6 3. d4 cxd4 4. Nxd4 Nc6 5. Nc3 Qc7 6. Be3 Nf6 7. Qf3 {B48: Sicilian: Taimanov: 5 Nc3 Qc7 6 Be3 a6 without Be2} a6 8. O-O-O Rb8 (8... Ne5 9. Qg3 b5 10. a3 Bb7 11. Bxb5 Rc8 12. Ba4 Nxe4 13. Nxe4 Bxe4 14. Bf4 Qa5 15. Bxe5 Qxa4 {1-0 (66) Vachier Lagrave,M (2778)-Harikrishna,P (2729) Germany 2019}) 9. Be2 {White is slightly better.} Bb4 10. e5 $146 ({Predecessor:} 10. Nxc6 bxc6 11. Bd4 Bd6 12. Qd3 c5 13. Be3 Be5 14. Qc4 Qb6 {1-0 (74) Sethuraman,S (2619)-Fier,A (2562) Fufeng 2017}) 10... Bxc3 (10... Nxe5 $16 11. Qg3 O-O) 11. exf6 $18 ({Stronger than} 11. bxc3 Nxe5 12. Qg3 O-O $17) 11... Bxd4 12. Bxd4 Nxd4 13. Rxd4 Qe5 (13... Rg8 $16 14. fxg7 Rxg7) 14. fxg7 Rg8 15. Rhd1 Rxg7 16. Bf1 (16. Re4 $18 Qg5+ 17. Kb1) 16... f5 (16... b5 $16 {was necessary.}) 17. Qc3 Qf6 18. Rxd7 Qxc3 19. Rd8+ Kf7 20. bxc3 Rg8 21. Rxg8 Kxg8 {[%mdl 4096] Endgame KRB-KRB} 22. Rd8+ Kf7 23. f4 Ke7 24. Rh8 Kd6 25. h4 Kc7 26. Rxh7+ Bd7 27. Rg7 Kd6 28. Be2 Bc6 29. g3 Kd5 30. Rg6 Re8 31. Bd3 Bd7 32. Kd2 b5 $2 {[#]} (32... Rh8 33. c4+ Kc5) 33. Ke3 Rc8 (33... Rf8 {keeps fighting.} 34. Rg7 Bc8) 34. h5 {White is clearly winning.} Rh8 35. h6 Be8 36. Rf6 Bh5 {[#]} (36... Rg8 $142 37. h7 Rxg3+ 38. Kd2 Rh3) 37. Bxf5 $1 {Accuracy: White = 82%, Black = 33%.} 1-0

[Event "106th British-ch 2019"]
[Site "Torquay"]
[Date "2019.07.29"]
[Round "3.7"]
[White "Pein, Malcolm"]
[Black "Emms, John M"]
[Result "1/2-1/2"]
[WhiteElo "2312"]
[BlackElo "2481"]
[Annotator "ChessBase"]
[PlyCount "76"]
[EventDate "2019.07.27"]
[EventType "swiss"]
[EventCountry "GBR"]
[SourceTitle "playchess.com"]
[Source "ChessBase"]
[SourceQuality "1"]
[TimeControl "40/5400+30:1800+30"]

1. Nf3 {[%emt 0:00:00]} c5 {[%emt 0:01:17]} 2. c4 {[%emt 0:00:00]} g6 {[%emt 0:00:06]} 3. Nc3 {[%emt 0:00:08]} Bg7 {[%emt 0:00:15]} 4. g3 {[%emt 0:00:51]} Nc6 {[%emt 0:00:10]} 5. Bg2 {[%emt 0:00:05]} d6 {[%emt 0:00:25]} 6. O-O {[%emt 0:00:37]} e6 {[%emt 0:00:57]} 7. e3 {[%emt 0:12:10]} Nge7 {[%emt 0:00:09]} 8. d4 {[%emt 0:00:05]} O-O {[%emt 0:00:16]} 9. d5 {[%emt 0:04:31]} Na5 {[%emt 0:01:12]} 10. Nd2 {[%emt 0:05:13]} Rb8 {[%emt 0:14:50]} 11. Qc2 {[%emt 0:05:53]} exd5 {[%emt 0:06:24]} 12. Nxd5 {[%emt 0:01:04]} Nxd5 {[%emt 0:26:54]} 13. Bxd5 {[%emt 0:01:05]} Nc6 {[%emt 0:00:03]} 14. a3 {[%emt 0:03:25]} Ne7 {[%emt 0:07:51]} 15. Bg2 {[%emt 0:09:20]} b5 {[%emt 0:01:34]} 16. cxb5 {[%emt 0:00:58]} Rxb5 {[%emt 0:00:25]} 17. Rb1 {[%emt 0:01:46]} Bf5 {[%emt 0:04:16]} 18. e4 {[%emt 0:02:57]} Be6 {[%emt 0:01:33]} 19. b4 {[%emt 0:06:15]} cxb4 {[%emt 0:02:57]} 20. axb4 {[%emt 0:00:24]} Qb8 {[%emt 0:04:40]} 21. Bb2 {[%emt 0:17:36]} Rc8 {[%emt 0:03:07]} 22. Qd3 {[%emt 0:00:31]} Bxb2 {[%emt 0:00:45]} 23. Rxb2 {[%emt 0:00:06]} Rxb4 {[%emt 0:00:27]} 24. Rxb4 {[%emt 0:00:42]} Qxb4 {[%emt 0:00:05]} 25. Rb1 {[%emt 0:00:25]} Rc3 {[%emt 0:05:11]} 26. Qa6 {[%emt 0:03:39]} Qd4 {[%emt 0:03:24]} 27. Nf1 {[%emt 0:04:09]} Nc6 {[%emt 0:06:59]} 28. Ne3 {[%emt 0:03:55]} Ne5 {[%emt 0:00:27]} 29. Rd1 {[%emt 0:04:17]} Rd3 {[%emt 0:01:23]} 30. Ra1 {[%emt 0:02:00]} Nc4 {[%emt 0:03:57]} 31. Bf1 {[%emt 0:06:18]} Rxe3 {[%emt 0:01:14]} 32. fxe3 {[%emt 0:00:26]} Qxe3+ {[%emt 0:00:29]} 33. Kh1 {[%emt 0:00:16]} Nd2 {[%emt 0:00:30]} 34. Bg2 {[%emt 0:01:50]} Nxe4 {[%emt 0:00:17]} 35. Qxa7 {[%emt 0:00:35]} Nf2+ {[%emt 0:00:12]} 36. Kg1 {[%emt 0:00:06]} Nh3+ {[%emt 0:00:05]} 37. Kh1 {[%emt 0:00:05]} Nf2+ {[%emt 0:01:25]} 38. Kg1 {[%emt 0:00:05]} Nh3+ {[%emt 0:00:39]} 1/2-1/2

[Event "106th British-ch 2019"]
[Site "Torquay"]
[Date "2019.07.29"]
[Round "3.8"]
[White "Arkell, Keith C"]
[Black "Lane, Gary W"]
[Result "1-0"]
[WhiteElo "2461"]
[BlackElo "2364"]
[Annotator "ChessBase"]
[PlyCount "87"]
[EventDate "2019.07.27"]
[EventType "swiss"]
[EventCountry "GBR"]
[SourceTitle "playchess.com"]
[Source "ChessBase"]
[SourceQuality "1"]
[TimeControl "40/5400+30:1800+30"]

1. d4 {[%emt 0:00:00]} d5 {[%emt 0:00:00]} 2. Nf3 {[%emt 0:00:00]} Nf6 {[%emt 0:00:00]} 3. c4 {[%emt 0:00:00]} dxc4 {[%emt 0:00:00]} 4. e3 {[%emt 0:00:04]} b5 {[%emt 0:00:04]} 5. a4 {[%emt 0:00:53]} b4 {[%emt 0:00:08]} 6. Bxc4 {[%emt 0:00:07]} e6 {[%emt 0:00:09]} 7. Nbd2 {[%emt 0:01:35]} Bb7 {[%emt 0:00:43]} 8. O-O {[%emt 0:00:07]} Be7 {[%emt 0:00:51]} 9. Qe2 {[%emt 0:00:16]} Nbd7 {[%emt 0:01:10]} 10. b3 {[%emt 0:03:07]} O-O {[%emt 0:02:36]} 11. Bb2 {[%emt 0:00:04]} c5 {[%emt 0:00:08]} 12. Rac1 {[%emt 0:00:56]} Rc8 {[%emt 0:04:57]} 13. Ba6 {[%emt 0:05:05]} Qb6 {[%emt 0:02:29]} 14. Bxb7 {[%emt 0:00:05]} Qxb7 {[%emt 0:00:03]} 15. Nc4 {[%emt 0:00:21]} cxd4 {[%emt 0:09:35]} 16. Bxd4 {[%emt 0:00:11]} Nc5 {[%emt 0:04:41]} 17. Nfd2 {[%emt 0:08:31]} Qd5 {[%emt 0:11:28]} 18. Rfd1 {[%emt 0:02:39]} Rfd8 {[%emt 0:05:38]} 19. Bxc5 {[%emt 0:06:05]} Qxc5 {[%emt 0:16:36]} 20. Qf3 {[%emt 0:03:05]} h6 {[%emt 0:13:21]} 21. h3 {[%emt 0:03:44]} e5 {[%emt 0:02:37]} 22. Ne4 {[%emt 0:01:33]} Nxe4 {[%emt 0:02:32]} 23. Qxe4 {[%emt 0:00:04]} Bf6 {[%emt 0:00:13]} 24. Qb7 {[%emt 0:05:20]} g6 {[%emt 0:02:22]} 25. Kh2 {[%emt 0:08:40]} Rc7 {[%emt 0:02:16]} 26. Qf3 {[%emt 0:04:04]} Kg7 {[%emt 0:01:42]} 27. Rxd8 {[%emt 0:01:05]} Bxd8 {[%emt 0:00:05]} 28. Rd1 {[%emt 0:00:32]} Be7 {[%emt 0:06:22]} 29. Qe4 {[%emt 0:12:14]} f6 {[%emt 0:00:38]} 30. g4 {[%emt 0:00:11]} Kf7 {[%emt 0:03:26]} 31. Kg2 {[%emt 0:09:45]} Qc6 {[%emt 0:02:02]} 32. Qxc6 {[%emt 0:00:06]} Rxc6 {[%emt 0:00:04]} 33. Rd7 {[%emt 0:00:07]} a6 {[%emt 0:00:37]} 34. Rb7 {[%emt 0:02:35]} Ke6 {[%emt 0:01:28]} 35. e4 {[%emt 0:00:12]} Bc5 {[%emt 0:01:00]} 36. Kf3 {[%emt 0:01:22]} f5 {[%emt 0:01:00]} 37. Rg7 {[%emt 0:00:39]} Kf6 {[%emt 0:00:53]} 38. Rxg6+ {[%emt 0:00:15]} Kxg6 {[%emt 0:00:31]} 39. Nxe5+ {[%emt 0:00:04]} Kg5 {[%emt 0:00:49]} 40. Nxc6 {[%emt 0:00:05]} fxe4+ {[%emt 0:00:04]} 41. Kxe4 {[%emt 0:30:16]} Bxf2 {[%emt 0:30:06]} 42. Nxb4 {[%emt 0:00:09]} a5 {[%emt 0:00:17]} 43. Nd3 {[%emt 0:00:23]} Bb6 {[%emt 0:00:21]} 44. Kf3 {[%emt 0:00:46]} 1-0